| Tag |
First Indicator |
Second Indicator |
Subfields |
| LEADER |
00000cam a2200000 4500 |
| 001 |
in00000022096 |
| 005 |
20151007063847.0 |
| 008 |
731206s1925 nyu 00011 eng u |
| 010 |
|
|
|a 25017276
|
| 035 |
|
|
|a (OCoLC)00755959
|
| 035 |
|
|
|9 AAD8440AM
|
| 040 |
|
|
|c HEI
|d TXA
|d UtOrBLW
|
| 049 |
|
|
|a TXAM
|c 1 [149754]
|c 2 [130178]
|c 3 [1340327]
|a TXAS [cath]
|c 6
|
| 050 |
|
0 |
|a PS3505.A87
|b P7 1925
|
| 090 |
|
|
|a PS3505.A87
|b P7 1925a
|
| 100 |
1 |
|
|a Cather, Willa,
|d 1873-1947.
|
| 245 |
1 |
4 |
|a The professor's house /
|c by Willa Cather ...
|
| 264 |
|
1 |
|a New York :
|b A.A. Knopf,
|c [1925]
|
| 264 |
|
4 |
|c ©1925
|
| 300 |
|
|
|a 283 pages, 1 unnumbered page ;
|c 20 cm.
|
| 336 |
|
|
|a text
|b txt
|2 rdacontent
|
| 337 |
|
|
|a unmediated
|b n
|2 rdamedia
|
| 338 |
|
|
|a volume
|b nc
|2 rdacarrier
|
| 999 |
|
|
|a MARS
|
| 999 |
f |
f |
|s e424ded3-5d2e-3fb1-83f4-75f1ed910ac9
|i e291b523-7a81-3bd4-a502-615a20e45d2b
|t 0
|
| 952 |
f |
f |
|p normal
|a Texas A&M University
|b College Station
|c Sterling C. Evans Library
|s Evans stk
|d Evans: Library Stacks
|t 0
|e PS3505.A87 P7 1925a
|h Library of Congress classification
|i unmediated -- volume
|m A14801231944
|
| 952 |
f |
f |
|p ric
|a Texas A&M University
|b Rellis Campus
|c Joint Library Facility
|s JLF
|d Remote Storage
|t 0
|e PS3505.A87 P7 1925a
|h Library of Congress classification
|i unmediated -- volume
|m A14801231936
|
| 998 |
f |
f |
|a PS3505.A87 P7 1925a
|t 0
|l Remote Storage
|
| 998 |
f |
f |
|a PS3505.A87 P7 1925a
|t 0
|l Evans: Library Stacks
|